World of Warcraft Classes (Wow) - Statistics

General Stats
  • This quiz has been taken 516 times
  • The average score is 11 of 12
Answer Stats
Added in Answer % Correct
Vanilla Mage
98%
Vanilla Warrior
98%
Vanilla Paladin
97%
WotLK Death Knight
96%
Vanilla Hunter
96%
Vanilla Warlock
95%
Vanilla Priest
94%
Vanilla Druid
92%
MoP Monk
92%
Vanilla Rogue
91%
Legion Demon Hunter
90%
Vanilla Shaman
90%
No matching quizzes found
Score Distribution
Percent of People with Each Score
Percentile by Number Answered
Your Score History
You have not taken this quiz